MARC

LEADER 00000nam0a2200000 4500
001 41476
005 20231031014146.0
035 |a (RuTPU)RU\TPU\book\42586 
090 |a 41476 
100 |a 20020621d1981 k y0rusy50 ca 
101 0 |a rus 
102 |a RU 
105 |a a z 001zy 
200 1 |a Газодинамика двухфазных сред  |f М. Е. Дейч, Г. А. Филиппов 
205 |a 2-е изд., перераб. и доп. 
210 |a Москва  |c Энергоиздат  |d 1981 
215 |a 471 с.  |c ил. 
320 |a Библиогр.: с. 457-468. 
610 1 |a физика 
610 1 |a газодинамика 
610 1 |a двухфазные среды 
610 1 |a термодинамика 
610 1 |a фазовые превращения 
610 1 |a поверхностные явления 
610 1 |a движение 
610 1 |a энергия 
610 1 |a уравнения 
610 1 |a пограничный слой 
610 1 |a конденсация 
610 1 |a высокое давление 
610 1 |a испытания 
610 1 |a струйные аппараты 
675 |a 532.52  |v 3 
700 1 |a Дейч  |b М. Е.  |g Михаил Ефимович 
701 1 |a Филиппов  |b Г. А.  |c специалист в области энергетики  |c профессор Томского политехнического университета, академик РАН  |f 1932-  |g Геннадий Алексеевич  |2 stltpush  |3 (RuTPU)RU\TPU\pers\29657 
801 1 |a RU  |b 63413507  |c 20020621  |g PSBO 
801 2 |a RU  |b 63413507  |c 20160809  |g PSBO 
900 |a Механика многофазных сред и математическое моделирование в трубопроводном транспорте 
900 |a Механика многофазных сред и математическое моделирование процессов в трубопроводах 
942 |c BK